Soccer knowledge by letter - C - Statistics

General Stats
  • This quiz has been taken 23 times
  • The average score is 6 of 10
Answer Stats
Hint Answer % Correct
One of many London clubs Chelsea FC
95%
Ronaldo's first name Christiano
95%
The Rangers' fiercest rival Celtic
90%
FC Barcelona's stadium Camp Nou
86%
Yellow or Red, for example Card
81%
Former Brazil player knownfor his powerful freekicks Roberto Carlos
67%
Manchester Utd playerleaving this summer Casemiro
52%
Defending player deflectsthe ball off the goal line, resulting in this for the oppostion Corner kick
43%
Governing body for SouthAmerican soccer CONMEBOL
19%
Holds the record for themost clean sheets in EPL Petr Čech
5%
No matching quizzes found
Score Distribution
Percent of People with Each Score
Percentile by Number Answered
Your Score History
You have not taken this quiz